000 04754cam a22018494i 4500
003 PE-LiUPU
005 20250813165807.0
008 150706s2009 mx a rb 000 0 spa d
020 _a970107257X
020 _a9789701072578
035 _a(Sirsi) i9789701072578
040 _aPE-LiUPU
_bspa
_cPE-LiUPU
_dPE-LiUPU
_erda
049 _aPRUA
082 0 4 _a618.1
_bW58
_221
245 0 0 _aWilliams. Ginecología /
_cEditor, John O. Schorge.
264 1 _aMéxico :
_bMcGraw-Hill Interamericana Editores, S.A. de C.V.,
_c[2009].
300 _a1189 páginas :
_bilustraciones ;
_c29 centímetros
336 _atext
_2rdacontent
337 _aunmediated
_2rdamedia
338 _avolume
_2rdacarrier
504 _aIncluye biobliografía al final de cada capítulo.
505 0 _aGinecología General -- Endocrinología de la reproducción, esterilidad y menopausia -- Medicina y cirugía reconstructiva de la pelvis femenina -- Oncología ginecológica -- Aspectos de cirugía ginecológica -- Atlas de cirugía ginecológica.
526 _aP203
526 _aP200
526 _aSEG65
526 _aSEG64
526 _aSEG63
526 _aSEG62
526 _aSEG61
526 _aSEG60
526 _aSEG59
526 _aSEG58
526 _aSEG57
526 _aSEG56
526 _aSEG55
526 _aSEG54
526 _aSEG53
526 _aSEG52
526 _aSEG51
526 _aSEG50
526 _aSEG49
526 _aSEG48
526 _aSEG47
526 _aSEG46
526 _aSEG24
526 _aSEG23
526 _aSEG22
526 _aSEG21
526 _aSEG20
526 _aSEG19
526 _aSEG18
526 _aSEG17
526 _aSEG16
526 _aSEG14
526 _aSEG13
526 _aSEG12
526 _aSEG11
526 _aSEG10
526 _aSEG09
526 _aSEG06
526 _aSEG05
526 _aSEG04
526 _aSEG03
526 _aSEG02
526 _aSEG68
526 _aSEG66
526 _aSEG45
526 _aSEG25
526 _aSEG01
526 _aP163
526 _aP162
526 _aP161
526 _aP160
526 _aP159
526 _aP158
526 _aP157
526 _aP156
526 _aP155
526 _aP154
526 _aP153
526 _aP152
526 _aP151
526 _aP150
526 _aP149
526 _aP142
526 _aP141
526 _aP140
526 _aP139
526 _aP138
526 _aP137
526 _aP132
526 _aP131
526 _aP130
526 _aP126
526 _aP125
526 _aP124
526 _aP123
526 _aP115
526 _aP122
526 _aP121
526 _aP116
526 _a P114
526 _aP112
526 _aP111
526 _aP104
526 _aP103
526 _aP102
526 _aP101
526 _aP100
526 _aP96
526 _aP95
526 _aP93
526 _aP92
526 _aP91
526 _aP88
526 _aP83
526 _aP82
526 _aP79
526 _aP78
526 _aP75
526 _aP74
526 _aP71
526 _aP69
526 _a P51
526 _aP49
526 _aP48
526 _aP47
526 _aP33
526 _aP31
526 _a P30
526 _aP29
526 _aP27
526 _aP26
526 _aP25
526 _aP24
526 _a P22
526 _aP10
526 _aP09
526 _a P08
526 _aP06
526 _aP05
526 _aP04
526 _aP01
541 _g015-0011456;
650 0 4 _aEnfermedades genitales
_xMujer.
650 0 4 _aGinecología.
650 0 4 _aProcedimientos en las intervenciones quirúrgicas
_xGinecologia.
700 1 _aSchorge, John O.,
_eeditor.
942 _2ddc
_cBOOK
949 _a618.1 W58
_wDEWEY
_c1
_i61490
_d2016-10-3
_e2016-10-3
_lCCODEBUL1
_mBUL
_n2
_p140.00
_r0
_sY
_tBOOK
_u2015-7-6
_xSALUD
_PP22
_0COMPRA
_o.STAFF. Colección Ciencias de la Salud
949 _a618.1 SC29 2009
_wDEWEY
_c1
_iFJ07454
_lCCODEBUJ1
_mBUJ
_p122.10
_r0
_sY
_tBOOK
_u2017-10-25
_xSALUD
_PP22
_0COMPRA
_o.STAFF -- Colección General Juliaca
994 _aC0
_bPEPRU
596 _a1 3
999 _a618.1 W58
_wDEWEY
_c50706
_i61490
_d50706
_e2019-9-13
_f2021-11-4
_g5
_lCCODEBUL1
_mBUL
_n9
_p140.00
_q8
_r0
_sY
_tBOOK
_u2015-7-6
_xSALUD
_zP22
_0COMPRA
_o.STAFF. Colección Ciencias de la Salud
999 _a618.1 SC29 2009
_wDEWEY
_c1
_iFJ07454
_d2019-12-5
_e2017-11-21
_f2022-1-25
_g4
_lCCODEBUJ1
_mBUJ
_n1
_p122.10
_q2
_r0
_sY
_tBOOK
_u2017-3-30
_xSALUD
_PP22
_0COMPRA
_o.STAFF. Colección General Juliaca
980 _81
_gALBERTO SANCHEZ Responsable de Automatización